000 00494nam a2200157 i 4500
001 59183
003 ES-MaACL
005 20230906164001.0
007 t|
008 031027s1944 sp ||||1| spa d
100 1 _aElías de Tejada, Francisco.
_946976
245 1 4 _aLas ideas políticas de Gil Vicente /
_cFrancisco Elías de Tejada Spínola.
260 _aMadrid :
_bRevista de la Facultad de Derecho de Madrid,
_c1944.
300 _a32 p. ;
_c24 cm.
852 _aES-MaACL
_j1839-F-4
_bR.21182
999 _c59183
_d59183